| 000 | 00518nam a2200145 a 4500 | ||
|---|---|---|---|
| 001 | 000004803 | ||
| 005 | 20200929151514.0 | ||
| 008 | 090727s2005 dr c 001 0 spa d | ||
| 040 |
_aDO-SdBNP _bspa _cBNPHU |
||
| 082 |
_axxxx _bC766c |
||
| 245 | 0 | 0 |
_aConstruyendo ciudadanía : _ben el desarrollo local y en la reducción de la pobreza / _cEnrique de León ... [et al.]. |
| 260 |
_aSanto Domingo : _bPrograma Descentralización y Desarrollo Local, _c2005. |
||
| 300 |
_a74 p. : _bretrs. ; _c28 cm. |
||
| 500 | _aIncluye índice | ||
| 999 |
_c4609 _d4609 |
||